Vorbereitung von Investitionen in der Landwirtschaft
Salvato in:
| Autore principale: | |
|---|---|
| Natura: | Libro |
| Lingua: | tedesco |
| Pubblicazione: |
Berlin
Deutscher Landwirtschaftsverlag
1981
|
| Tags: |
Nessun Tag, puoi essere il primo ad aggiungerne!!
|
MARC
| LEADER | 00000nam a2200000 4500 | ||
|---|---|---|---|
| 001 | c137096 | ||
| 005 | 20041019155309.0 | ||
| 041 | 0 | |a ger | |
| 044 | |a DE | ||
| 245 | 1 | 0 | |a Vorbereitung von Investitionen in der Landwirtschaft |c Eberhard Schulze und koll. |
| 264 | 1 | |a Berlin |b Deutscher Landwirtschaftsverlag |c 1981 | |
| 300 | |a 223 s. | ||
| 100 | 1 | |a Schulze, Eberhard | |